[Event "HUN-chT2 Breyer 0506"]
[Site "Hungary"]
[Date "2006.04.09"]
[Round "10"]
[White "Sarvari, Robert"]
[Black "Laszlo, Imre"]
[Result "1/2-1/2"]
[WhiteElo "2298"]
[BlackElo "2203"]
[PlyCount "26"]
[EventDate "2005.10.16"]
[EventType "team-tourn"]
[EventRounds "11"]
[EventCountry "HUN"]
[SourceTitle "EXT 2009"]
[Source "ChessBase"]
[SourceDate "2008.11.26"]
[SourceVersion "1"]
[SourceVersionDate "2008.11.26"]
[SourceQuality "1"]
[WhiteTeam "Hobagoly"]
[BlackTeam "Geniusz Tata"]
[WhiteTeamCountry "HUN"]
[BlackTeamCountry "HUN"]

1. d4 Nf6 2. Nf3 c5 3. c3 e6 4. Bg5 cxd4 5. Nxd4 d5 6. Nd2 e5 7. N4f3 Nc6 8. e4 Be7 9. Bxf6 Bxf6 10. exd5 Qxd5 11. Bc4 Qd8 12. Ne4 0-0 13. Qxd8 Rxd8 1/2-1/2

[Event "HUN-chT2 Breyer 0506"]
[Site "Hungary"]
[Date "2006.03.19"]
[Round "9"]
[White "Fekete, Istvan1"]
[Black "Sarvari, Robert"]
[Result "1/2-1/2"]
[WhiteElo "2093"]
[BlackElo "2298"]
[PlyCount "22"]
[EventDate "2005.10.16"]
[EventType "team-tourn"]
[EventRounds "11"]
[EventCountry "HUN"]
[SourceTitle "EXT 2009"]
[Source "ChessBase"]
[SourceDate "2008.11.26"]
[SourceVersion "1"]
[SourceVersionDate "2008.11.26"]
[SourceQuality "1"]
[WhiteTeam "Vertesi Eromu"]
[BlackTeam "Hobagoly"]
[WhiteTeamCountry "HUN"]
[BlackTeamCountry "HUN"]

1. d4 Nf6 2. c4 g6 3. Nc3 d5 4. cxd5 Nxd5 5. e4 Nxc3 6. bxc3 Bg7 7. Bc4 c5 8. Ne2 0-0 9. 0-0 Nc6 10. Be3 cxd4 11. cxd4 Bg4 1/2-1/2

[Event "HUN-chT2 Breyer 0506"]
[Site "Hungary"]
[Date "2006.02.26"]
[Round "8"]
[White "Sarvari, Robert"]
[Black "Fuad Kamel Jamaliah, Natalie"]
[Result "1/2-1/2"]
[WhiteElo "2298"]
[BlackElo "1942"]
[PlyCount "42"]
[EventDate "2005.10.16"]
[EventType "team-tourn"]
[EventRounds "11"]
[EventCountry "HUN"]
[SourceTitle "EXT 2009"]
[Source "ChessBase"]
[SourceDate "2008.11.26"]
[SourceVersion "1"]
[SourceVersionDate "2008.11.26"]
[SourceQuality "1"]
[WhiteTeam "Hobagoly"]
[BlackTeam "Husi II"]
[WhiteTeamCountry "HUN"]
[BlackTeamCountry "HUN"]

1. d4 d5 2. Nf3 Bf5 3. c3 c6 4. Bf4 Nf6 5. Nbd2 e6 6. e3 Bd6 7. Bg5 Nbd7 8. c4 0-0 9. Qb3 Qb6 10. Be2 Rfe8 11. 0-0 Ne4 12. Nxe4 Bxe4 13. c5 Qxb3 14. axb3 Bc7 15. b4 e5 16. dxe5 Nxe5 17. Nd4 a6 18. Bf4 Rac8 19. Rfd1 Bd8 20. Rd2 Bf6 21. g4 h6 1/2-1/2